000 01061nam a2200289Ia 4500
008 210303s9999 xx 000 0 und d
016 _2retro2021
016 _2retro2021
020 _a9789788088691
040 _aNLN
_bEnglish
050 _aDT515.63
_b.A967O41
082 _a923.2
100 _aOke, David Olatunbosun
_eaut
_930660
245 0 _aAwo, on the trail of a titan :
_bessays in celebration of the Obafemi Awolowo Centennial /
_cDavid Olatunbosun Oke
260 _aGbagada, Lagos state ( 28, Lanre Awolokun Road, Gbagada Phase II ) :
_bObafemi Awolowo Foundation
_c2009
300 _axxv,343p.
_b:ill., ports. ; 24cm.
563 _a(pbk)
650 _aAwolowo, Obafemi, 1909-1987
_930661
650 _aPoliticians
_vNigeria
_xBiography
_96478
650 _aAwolowo, Obafemi
_vPhilosophy
_929099
650 _aAwolowo, Obafemi
_vPolitical activity
_930662
650 _aPolitical Leadership
_vNigeria
_9208
650 _aAwolowo, Obafemi
_vCentennial celebrations, etc.
_930663
700 _aOKE,daid O.
_929102
942 _cBK
942 _n0
999 _c14681
_d14681